000 01385nam2a2200253 4500
001 RU\NLR\BIBL_A\022068866
005 20231109152810.0
021 _aRU
_bКН-П-22-075282
_9КН-П-22-6565
035 _a(NLR Aleph) 022068866
090 _a12652907
_c12652907
100 _a20231109d1997 u y0rusy50 ca
101 0 _arus
102 _aRU
105 _ay z 000zy
200 0 _aТ. 8
210 _d1997
215 _a145, [2] с.
300 _aНа обороте тит. с.: в 8 т.
461 0 _1001rc\142669
_12001#$aКнига Памяти$eРос. Федерация, Респ. Карелия$eСписки воинов, партизан, подпольщиков Карелии, погибших в годы Великой Отеч. войны$e[В 7 т.$fРедкол.: Медведев В.А. (пред.) и др.]$vТ. 8
_96436337
_cПетрозаводск
_d1994-
_fРедкол.: Медведев В. А. (пред.) и др.]
_nГоскомиздат Респ. Карелия
_oРос. Федерация, Респ. Карелия : Списки воинов, партизан, подпольщиков Карелии, погибших в годы Великой Отеч. войны : [В 7 т.
_tКнига Памяти
_vТ. 8
942 _cBOOK
980 _aNB